As fábulas de Esopo (Registo nº 1473)

Detalhes MARC
000 -Etiqueta do registo
Cabeçalho 00804nam0a2200265 4500
005 - Identificador da versão
Campo de controlo 20240813121837.0
010 ## - Número internacional normalizado dos livros (ISBN)
Número (ISBN) 9789722633109
021 ## - Número do Depósito Legal
Código do país PT
Número 317323/10
100 ## - Dados gerais de processamento
Dados gerais de processamento 20150326d2010 a e0pory5003 ba
102 ## - Pais de publicação ou produção
País de publicação Portugal
101 1# - Língua de publicação
Língua do texto, banda sonora, etc. Português
Língua do documento no original Inglês
215 ## - Descrição física 
Indicação específica da natureza do documento e extensão da espécie 128 p.
Outras indicações físicas il. color
200 1# - Titulo e menção de responsabilidade
Título próprio As fábulas de Esopo
Primeira menção de responsabilidade Recontadas por Fiona Waters
Outras menções de responsabilidade il. por Fulvio Testa
210 ## - Publicação, Distribuição, etc. 
Lugar da edição, distribuição, etc. Porto
Nome do editor, distribuidor, etc. Civilização
Data da publicação, distribuição, etc. 2011
300 ## - Notas gerais 
Texto da nota Metas Curriculares
606 ## - Nome comum usado como assunto
Número de registo de entrada de autoridade 0002156
Palavra de ordem Literatura grega clássica
Subdivisão de assunto Fábulas
Código do sistema CA
675 ## - Classificação Decimal Universal (CDU)
Notação 821.14'02-342
Edição 3ª ed.
Língua da edição por
702 #1 - Nome de autor-pessoa física (responsabilidade secundária)
Número de registo de entrada de autoridade 0002159
Palavra de ordem Waters
Outra parte do nome não tomada para palavra de ordem Fiona
Código de função Adaptador
Número de registo de entrada de autoridade 0002160
Palavra de ordem Testa
Outra parte do nome não tomada para palavra de ordem Fulvio
Código de função Ilustrador / Técnico de desenho computorizado
700 #1 - Nome de autor-pessoa física (responsabilidade principal)
Número de registo de entrada de autoridade 0002158
Palavra de ordem Esopo
Datas 620 a.C.-564 a.C.
966 ## - Identificação da Biblioteca
Sigla EB2,3ENM
942 ## - Elementos de entrada adicionados (Koha)
Tipo de item no Koha Livro
Exemplares
Situação do levantamento Origin of item (home branch) (coded) Biblioteca de empréstimo Código de barras Cota Circulation type (not for loan) Tipo de documento Nota do exemplar Damaged status
  Biblioteca Escolar Eng. Nuno Mergulhão Biblioteca Escolar Eng. Nuno Mergulhão BENM3511 82LE-34 ESO MET   Livro Sem mensagem